Statistics for Harry Potter Characters who appear in all 7 books books

Click here to take the quiz!

General Stats

  • This quiz has been taken 2,726 times
    (2,714 since last reset)
  • The average score is 24 of 35

Answer Stats

Character% Correct
Harry Potter
100%
Ron Weasley
98%
Hermione Granger
97%
Albus Dumbledore
95%
Fred Weasley
93%
Severus Snape
93%
George Weasley
92%
Ginny Weasley
91%
Minerva McGonagall
90%
Draco Malfoy
88%
Rubeus Hagrid
88%
Molly Weasley
86%
Neville Longbottom
84%
Dudley Dursley
74%
Filius Flitwick
73%
Percy Weasley
73%
Dean Thomas
72%
Petunia Dursley
72%
Seamus Finnigan
72%
Vernon Dursley
71%
Gregory Goyle
67%
Hedwig
67%
Vincent Crabbe
67%
Pomona Sprout
58%
Argus Filch
48%
Lavender Brown
46%
Parvati Patil
46%
Peter Pettigrew / Scabbers
45%
Poppy Pomfrey
42%
Pansy Parkinson
39%
Katie Bell
37%
Peeves
36%
Fang
32%
Sir Nicholas de Mimsy-Porpington / Nearly Headless Nick
31%
Mrs. Norris
22%

Score Distribution

Percentile by Number Answered

Percent of People with Each Score

Your Score History

You have not taken this quiz since the last reset